| 000 | 00649nam a2200157 i 4500 | ||
|---|---|---|---|
| 001 | 46349 | ||
| 003 | ES-MaACL | ||
| 007 | t| | ||
| 008 | 030328s1908 cl ||||1| spa d | ||
| 245 | 0 | 0 |
_aComunicaciones cambiadas entre las Chancillerías de Chile y el Perú sobre la cuestiones de Facina y Arica _b: (1905 a 1908) : observaciones a la nota del exmo Sr. Leoanne de 8 de Mayo de 1908. |
| 260 |
_aSantiago de Chile : _b[s.n., _c1908] ( _fImp. Barcelona) |
||
| 300 | _a244 p. | ||
| 500 | _aPrecede al tít.: Ministerio de Relaciones Exteriores de Chile. | ||
| 710 | 1 |
_aChile. _bMinisterio de Relaciones Exteriores. _92802 |
|
| 852 |
_aES-MaACL _jG-4930 |
||
| 999 |
_c46349 _d46349 |
||